Normal view MARC view

Entry Personal Name

Number of records used in: 1

001 - CONTROL NUMBER

  • control field: 1061061

003 - CONTROL NUMBER IDENTIFIER

  • control field: OSt

005 - DATE AND TIME OF LATEST TRANSACTION

  • control field: 20260121170213.0

008 - FIXED-LENGTH DATA ELEMENTS

  • fixed length control field: 260121|| aca||aabn | a|a d

040 ## - CATALOGING SOURCE

  • Original cataloging agency: OSt
  • Transcribing agency: OSt

100 ## - HEADING--PERSONAL NAME

  • Personal name: J.A. Mangan, Peter Horton, Tianwei Ren, Gwang Ok

670 ## - SOURCE DATA FOUND

  • Source citation: Work cat.: (OSt)1626790: J.A. Mangan, Peter Horton, Tianwei Ren, Gwang Ok, Japanese Imperialism: Politics and Sport in East Asia
Copyright @ Delhi University Library System